Statistiques concernant Pays d'Europe du plus au moins touristiques

Cliquez ici pour prendre le quiz!

Statistiques générales

  • Ce quiz a été pris 253 fois
  • Le résultat moyen est 17 sur 45

Réponses sur la Carte

Les réponses sont colorées sur une échelle allant du rouge au vert en fonction du pourcentage des utilisateurs qui les ont devinées à leur premier essai. Vous pouvez retrouver ces pourcentages ci-dessous.
 

Statistiques - réponses

PaysTouristes% Correct
2Espagne81 786 000
99%
1France86 918 000
99%
3Italie58 253 000
98%
4Royaume-Uni37 651 000
96%
5Allemagne37 452 000
94%
7Grèce27 194 000
74%
6Autriche29 460 000
72%
9Portugal21 200 000
71%
8Russie24 390 000
68%
11Pays-Bas17 924 000
65%
10Pologne18 400 000
63%
13Croatie15 593 000
53%
12Hongrie15 785 000
52%
16Suisse11 133 000
45%
14Ukraine14 230 000
40%
18Irlande10 388 000
39%
15République Tchèque12 808 000
39%
20Belgique8 358 000
36%
17Danemark10 781 000
36%
21Suède6 865 000
35%
22Norvège6 252 000
33%
19Bulgarie8 883 000
28%
45Saint-Marin78 000
24%
23Slovaquie6 020 000
24%
24Albanie4 643 000
21%
44Liechtenstein79 000
21%
25Vatican3 850 000
19%
28Finlande3 181 000
18%
43Kosovo98 000
18%
42Moldavie145 000
18%
26Slovénie3 586 000
18%
27Estonie3 245 000
16%
41Monaco355 000
16%
33Islande2 224 000
15%
30Roumanie2 760 000
14%
29Andorre3 003 000
13%
32Malte2 274 000
13%
31Lituanie2 523 000
12%
38Luxembourg1 046 000
12%
40Macédoine-du-Nord631 000
12%
37Serbie1 497 000
12%
39Bosnie-Herzégovine922 000
11%
36Monténégro1 877 000
11%
34Biélorussie2 000 000
10%
35Lettonie1 950 000
10%

Distribution des résultats

Percentile par nombre de réponses

% des personnes avec chaque résultat

Votre développement - résultats

Vous n’avez pas pris ce quiz